Sincerely-- Gigi (Record no. 13079)

000 -LEADER
fixed length control field 00696nam a2200217 a 4500
001 - CONTROL NUMBER
control field :::00010897$&:&@@
003 - CONTROL NUMBER IDENTIFIER
control field OkBaRHE
005 - DATE AND TIME OF LATEST TRANSACTION
control field 20100401170630.0
008 - FIXED-LENGTH DATA ELEMENTS--GENERAL INFORMATION
fixed length control field s1984 j 000 0 eng u
020 ## - INTERNATIONAL STANDARD BOOK NUMBER
International Standard Book Number 0310448506
040 ## - CATALOGING SOURCE
Transcribing agency
100 1# - MAIN ENTRY--PERSONAL NAME
Personal name Tchividjian, Gigi.
245 10 - TITLE STATEMENT
Title Sincerely-- Gigi
Statement of responsibility, etc Gigi Graham Tchividjian.
260 ## - PUBLICATION, DISTRIBUTION, ETC. (IMPRINT)
Place of publication, distribution, etc Grand Rapids, Mich.
Name of publisher, distributor, etc Zondervan
Date of publication, distribution, etc 1984
300 ## - PHYSICAL DESCRIPTION
Extent 122 p., [8] p. of plates : ill. (some col.) ;
Dimensions 22 cm.
490 0# - SERIES STATEMENT
Series statement Daybreak books
650 ## - SUBJECT ADDED ENTRY--TOPICAL TERM
Topical term or geographic name as entry element Christian life
General subdivision 1960-
650 ## - SUBJECT ADDED ENTRY--TOPICAL TERM
Topical term or geographic name as entry element Tchividjian, Gigi.
942 ## - ADDED ENTRY ELEMENTS (KOHA)
Source of classification or shelving scheme
Koha item type Books
Copies
Barcode Damaged status Lost status Shelving location Permanent Location Koha item type Date acquired Full call number Not for loan Source of classification or shelving scheme Withdrawn status Price effective from Date last seen Copy number
10897  General StacksRHEMA Bible Training CollegeBooks2010-04-14BV 4501.2 .T33 1984   2010-04-142010-04-141